Mi tío Marcelino /

Guardado en:
Detalles Bibliográficos
Autor principal: Valdovino Garza, José (autor)
Otros autores: Moreno Sánchez, Manuel (preliminar) (preliminar)
Formato: Libro
Idioma:Español
Publicado: México : Botas, 1952, c1952
Temas:
Etiquetas: Agrega una etiqueta
Sin etiquetas, Sé el primero en etiquetar este registro!

MARC

LEADER 00000nam^a2200000^a^4500
001 000557745
005 20250521000000.0
009 20260310131807.354
037 |a Acervo Xavier Clavigero 
041 |a ESP 
082 |a 863.  |b VAL 
100 |a Valdovino Garza, José  |e (autor) 
245 1 0 |a Mi tío Marcelino /  |c J. Valdovino Garza ; prelim. de M. Moreno Sánchez. 
264 4 |a México :  |b Botas,  |c 1952, c1952 
300 |a 163 p. 
336 |a texto  |b txt  |2 rdacontenido 
337 |a sin mediación  |b n  |2 rdamedio 
338 |a volumen  |b nc  |2 rdasoporte 
649 |a XX 
650 |a Novela Mexicana 
650 |a Literatura Mexicana -  |y Siglo XX 
650 |a Literatura Costumbrista -  |z México 
650 |a Literatura Picaresca -  |z México 
700 |a Moreno Sánchez, Manuel  |e (preliminar) 
910 |a Fondo General 
920 |a Impresos - Libros 
930 |a Colección General 
940 |a Literatura 
905 |a 101 
901 |a 0500396086  |b IT1  |c LIT  |u 20250521 
902 |a https://opac.biblio.iteso.mx/vufind/Record/000557745